[Event "AUTO-OPEN-1977"]
[Site "http://www.queenalice.com/game.php?id=838366"]
[Date "2010.9.26"]
[Round "2"]
[White "gedanix"]
[Black "jagvg"]
[Result "1-0"]
[WhiteElo "2239"]
[BlackElo "2370"]

1. e4 e6 2. d4 d5 3. Nc3 Bb4 4. e5 b6 5. Qg4 Bf8 6. Bg5 Qd7 7. Nf3 h6 8. Bh4 Ba6
9. Bxa6 Nxa6 10. O-O g5 11. Bg3 O-O-O 12. Qh5 Bg7 13. h3 c5 14. a4 Nb4 15. Nb5
Kb8 16. c3 Nd3 17. Nd6 Ne7 18. a5 Rhg8 19. axb6 axb6 20. Ra6 Nc8 21. Rfa1 Nxd6
22. exd6 Qb7 23. d7+ e5 24. Qxf7 Qc6 25. dxc5 Nf4 26. Bxf4 exf4 27. Rxb6+ Qxb6
28. cxb6 Bd4 29. Nxd4 Rg6 30. Ne6 Rg7 31. Qxg7 1-0

[Event "GimoDomi-ITALY"]
[Site "http://www.queenalice.com/game.php?id=839082"]
[Date "2010.9.28"]
[Round "3"]
[White "mds"]
[Black "jagvg"]
[Result "0-1"]
[WhiteElo "2379"]
[BlackElo "2358"]

1. e4 e6 2. Qe2 c5 3. g3 Nc6 4. c3 g6 5. Bg2 Bg7 6. d3 d6 7. Be3 Nf6 8. Nd2 O-O
9. f4 e5 10. O-O-O Ng4 11. Ngf3 Nxe3 12. Qxe3 Be6 13. Kb1 Qe7 14. Rdf1 Bh6 15.
Ng5 Bg4 16. h4 f6 17. Nh3 Rae8 18. Qe1 f5 19. Ng5 exf4 20. gxf4 Bg7 21. Qg3 h6
22. Nh3 Qe6 23. Nf2 Bh5 24. Bh3 d5 25. e5 Nxe5 26. fxe5 Bxe5 27. Qg2 Bf4 28. Nb3
b6 29. d4 c4 30. Nc1 Qd6 31. Re1 Kh7 32. Nd1 Bg3 33. Rxe8 Rxe8 34. Rg1 Bf4 35.
Bxf5 Bxc1 36. Bxg6+ Bxg6+ 37. Kxc1 Qf4+ 0-1

[Event "AUTO-OPEN-1579"]
[Site "http://www.queenalice.com/game.php?id=839263"]
[Date "2010.9.28"]
[Round "3"]
[White "rodracena"]
[Black "jagvg"]
[Result "0-1"]
[WhiteElo "1905"]
[BlackElo "2345"]

1. e4 c5 2. Nf3 Nc6 3. Bc4 e6 4. Nc3 Nf6 5. d4 d5 6. exd5 exd5 7. Be2 Bd6 8. O-O
O-O 9. Nb5 Be7 10. dxc5 Bxc5 11. Bg5 Bg4 12. h3 Bf5 13. Bd3 h6 14. Bxf6 Qxf6 15.
Bxf5 Qxf5 16. Nbd4 Bxd4 17. Nxd4 Qf6 18. Nxc6 bxc6 19. c3 Rfe8 20. Qd2 Re5 21.
Rae1 Rae8 22. Rxe5 Qxe5 23. Rd1 Qe4 24. Kf1 Qc4+ 25. Kg1 Qxa2 26. Kh2 Qb3 27.
Rf1 Qb5 28. Re1 Qb8+ 29. Kg1 Rxe1+ 30. Qxe1 Qxb2 31. Qe8+ Kh7 32. Qxc6 Qc1+ 33.
Kh2 Qf4+ 34. Kg1 Qc4 35. Qd7 Qxc3 36. Qxa7 Qe1+ 37. Kh2 Qe5+ 38. Kg1 d4 0-1

[Event "AUTO-OPEN-1579"]
[Site "http://www.queenalice.com/game.php?id=839264"]
[Date "2010.9.28"]
[Round "3"]
[White "jagvg"]
[Black "rodracena"]
[Result "1-0"]
[WhiteElo "2356"]
[BlackElo "1909"]

1. Nf3 Nf6 2. c4 e6 3. Nc3 Be7 4. d4 O-O 5. Bf4 a6 6. e4 d6 7. Be2 Nbd7 8. O-O
c5 9. e5 dxe5 10. dxe5 Ne8 11. Qc2 f6 12. exf6 Bxf6 13. Bg3 Qe7 14. Bd3 g6 15.
Rfe1 Ng7 16. Nd5 Qd8 17. Bc7 Qe8 18. Nxf6+ Nxf6 19. Bd6 Rf7 20. Ne5 Nd7 21. Nxf7
Qxf7 22. Rad1 b6 23. Be4 1-0

[Event "AUTO-OPEN-1579"]
[Site "http://www.queenalice.com/game.php?id=839267"]
[Date "2010.9.28"]
[Round "3"]
[White "jagvg"]
[Black "luhosavi"]
[Result "1/2-1/2"]
[WhiteElo "2365"]
[BlackElo "2222"]

1. d4 Nf6 2. c4 g6 3. Nc3 Bg7 4. e4 d6 5. Nf3 O-O 6. Be2 e5 7. O-O Nc6 8. d5 Ne7
9. Nd2 a5 10. a3 Nd7 11. Rb1 f5 12. b4 Kh8 13. f3 f4 14. Qa4 g5 15. Bb2 h5 16.
Rbd1 Rf6 17. Rfe1 Rh6 18. Bd3 Nf6 19. c5 g4 20. cxd6 cxd6 21. bxa5 gxf3 22. Nxf3
Rg6 23. Rc1 Ng4 24. Nh4 Rg5 25. Qb4 Nxh2 26. Kxh2 Rg3 27. Bf1 Nxd5 28. Nxd5
Qxh4+ 29. Kg1 f3 30. Rc2 Bh3 31. Ne3 Rf8 32. a6 bxa6 33. Rf2 Rf4 34. Qd2 fxg2
35. Nxg2 Bxg2 36. Bxg2 Rfg4 37. Bc1 Rh3 38. Kf1 Rhg3 39. Kg1 Rh3 40. Kf1 Rgg3
41. Qd1 Rxg2 42. Rxg2 Rh1+ 43. Ke2 Qxe4+ 44. Kf2 Qf5+ 45. Ke2 Qe4+ 46. Kf2 Qf5+
47. Ke2 Qe4+ 1/2-1/2

[Event "AUTO-OPEN-1579"]
[Site "http://www.queenalice.com/game.php?id=839268"]
[Date "2010.9.28"]
[Round "3"]
[White "luhosavi"]
[Black "jagvg"]
[Result "1-0"]
[WhiteElo "2230"]
[BlackElo "2361"]

1. d4 Nf6 2. c4 d5 3. cxd5 e6 4. dxe6 Bxe6 5. Nf3 c5 6. Nc3 Nc6 7. e3 Be7 8. Bb5
Qb6 9. Ng5 Rd8 10. Nxe6 fxe6 11. O-O a6 12. Bxc6+ Qxc6 13. Qe2 O-O 14. Rd1 b5
15. a3 Bd6 16. h3 Bc7 17. dxc5 Qxc5 18. Rxd8 Rxd8 19. e4 Be5 20. Be3 Qc4 21.
Qxc4 bxc4 22. f3 Rb8 23. Ra2 Rb3 24. a4 Bxc3 25. bxc3 Rxc3 26. Kf2 e5 27. Bd2
Rd3 28. Rc2 Rd6 29. Ke3 Rc6 30. Bc3 Nd7 31. Rd2 Nc5 32. Bxe5 Nxa4 33. Rd7 g6 34.
Rg7+ Kf8 35. Rxh7 c3 36. Rc7 Rxc7 37. Bxc7 Nb2 38. Kd4 c2 39. Bf4 Na4 40. Kd3
Nc5+ 41. Kxc2 Ke7 42. Bd2 Ne6 43. Kd3 Kd6 44. Kc4 Ke5 45. Be3 Kd6 46. f4 Nd8 47.
g4 Nc6 48. h4 Na5+ 49. Kc3 Ke7 50. h5 gxh5 51. gxh5 Kf7 52. h6 Nc6 53. Kc4 Kg8
54. f5 Ne5+ 55. Kd5 Ng4 56. Ke6 Nxe3 57. f6 Kh7 58. f7 1-0

[Event "2do TORNEO"]
[Site "http://www.queenalice.com/game.php?id=849110"]
[Date "2010.10.22"]
[Round "4"]
[White "jagvg"]
[Black "cinics"]
[Result "1-0"]
[WhiteElo "2348"]
[BlackElo "2227"]

1. c4 Nf6 2. Nc3 g6 3. g3 Bg7 4. Bg2 O-O 5. d4 c6 6. e4 d6 7. Nge2 Bg4 8. Qb3
Bxe2 9. Nxe2 Qc7 10. f4 e5 11. c5 Nxe4 12. Bxe4 d5 13. Bd3 exd4 14. Bd2 b6 15.
Rc1 Nd7 16. cxb6 axb6 17. Bb4 c5 18. Qxd5 Nf6 19. Qf3 Qd7 20. Ba3 Rae8 21. Rd1
Ng4 22. Be4 Qb5 23. Rd2 Ne3 24. Bc6 Qa5 25. Bxe8 Rxe8 26. Qc6 Re6 27. Qc8+ Bf8
28. f5 Nxf5 29. Qd8 Ne3 30. Nxd4 Rd6 31. Qe8 Nc2+ 32. Kd1 Rxd4 33. Rxd4 Nxd4 34.
Rf1 Nf5 35. Rf3 Nd6 36. Qc6 Qa7 37. g4 Nc4 38. Qd5 b5 39. g5 Qe7 40. Bxc5 Qc7
41. Bd4 Nd6 42. Qe5 f6 43. Rxf6 Qe7 44. Re6 1-0

[Event "AUTO-OPEN-2029"]
[Site "http://www.queenalice.com/game.php?id=867977"]
[Date "2010.12.5"]
[Round "2"]
[White "talounet"]
[Black "jagvg"]
[Result "0-1"]
[WhiteElo "2111"]
[BlackElo "2360"]

1. d4 Nf6 2. Nf3 e6 3. Bf4 b6 4. e3 Bb7 5. Bd3 Be7 6. O-O Nh5 7. Bg3 Nxg3 8.
fxg3 O-O 9. Nbd2 Nc6 10. c3 d5 11. e4 Qd7 12. e5 f5 13. exf6 Bxf6 14. Qc2 g6 15.
Rae1 a6 16. Re3 Rae8 17. g4 e5 18. dxe5 Nxe5 19. g5 Nxf3+ 20. Rexf3 Bxg5 21. Kh1
c5 22. Rxf8+ Rxf8 23. Nf3 Bh6 24. Re1 Re8 25. Rf1 Re3 26. Bxg6 hxg6 27. Qxg6+
Qg7 28. Qxb6 Re2 29. Rg1 Kh7 30. h4 Qe7 31. h5 Qf7 32. Rf1 Qg7 33. Nh4 d4 34.
Qxc5 Bxg2+ 0-1

[Event "AUTO-OPEN-2029"]
[Site "http://www.queenalice.com/game.php?id=867978"]
[Date "2010.12.5"]
[Round "2"]
[White "jagvg"]
[Black "talounet"]
[Result "1-0"]
[WhiteElo "2343"]
[BlackElo "2072"]

1. e4 b6 2. d4 Bb7 3. Bd3 e6 4. Nf3 d5 5. exd5 Bxd5 6. O-O Nf6 7. Nc3 Bb7 8.
Bb5+ Nbd7 9. Ne5 Be7 10. Bg5 O-O 11. Bc6 Nxe5 12. Bxb7 1-0

[Event "AUTO-OPEN-2029"]
[Site "http://www.queenalice.com/game.php?id=867983"]
[Date "2010.12.5"]
[Round "2"]
[White "jagvg"]
[Black "cunha"]
[Result "0-1"]
[WhiteElo "2356"]
[BlackElo "2823"]

1. d4 Nf6 2. Nf3 d5 3. c4 dxc4 4. Nc3 c6 5. a4 Qa5 6. Bd2 Qf5 7. e4 Nxe4 8. Bxc4
Nd6 9. Bb3 Qh5 10. Ne5 Qxd1+ 11. Rxd1 Na6 12. O-O e6 13. Rfe1 Be7 14. Bf4 g5 15.
Bc1 Nb4 16. a5 Nf5 17. Ne4 f6 18. Nc4 Nd5 19. Ne3 Kf7 20. a6 bxa6 21. Ba4 Nfxe3
22. fxe3 Nb4 23. Bb3 Rb8 24. Rf1 h6 25. Bc4 Rd8 26. b3 Kg6 27. Bd2 h5 28. Rf2 f5
29. Nc5 e5 30. Re2 exd4 31. exd4 Bf6 32. Bc3 f4 33. h3 Bf5 34. Be6 Nd5 35. Bb2
Ne3 36. Bxf5+ Kxf5 37. Rd3 Rb5 38. Nxa6 c5 39. Nxc5 Rxc5 40. Rdxe3 fxe3 41. dxc5
Bxb2 42. Rxb2 Rd1+ 43. Kh2 Rd2 44. Rb1 e2 45. c6 Kf4 46. c7 Rc2 47. h4 g4 48. b4
Rxc7 49. Re1 Ke3 50. Ra1 Kf2 51. Ra2 Kf1 52. Ra1+ e1=Q 0-1

[Event "AUTO-OPEN-2029"]
[Site "http://www.queenalice.com/game.php?id=867984"]
[Date "2010.12.5"]
[Round "2"]
[White "cunha"]
[Black "jagvg"]
[Result "1-0"]
[WhiteElo "2822"]
[BlackElo "2357"]

1. e4 e5 2. Nf3 Nc6 3. Bb5 a6 4. Ba4 d6 5. O-O b5 6. Bb3 Nf6 7. Ng5 d5 8. exd5
Nd4 9. Re1 Bd6 10. Nc3 Bg4 11. f3 Bd7 12. f4 O-O 13. fxe5 Bg4 14. Nf3 Bxf3 15.
gxf3 Re8 16. f4 Bc5 17. Kh1 Qd7 18. d3 Nxb3 19. axb3 Nxd5 20. Ne4 Qc6 21. Qf3
Rad8 22. Bd2 Bd4 23. c3 Ba7 24. c4 Ne7 25. Bc3 bxc4 26. bxc4 Qg6 27. b4 Nf5 28.
b5 Re6 29. c5 Qh6 30. Rg1 Kf8 31. b6 cxb6 32. Rxa6 Bb8 33. Ng5 Rc6 34. e6 Rxe6
35. Nxe6+ fxe6 36. Ra8 bxc5 37. Be5 Bxe5 38. Rxd8+ Ke7 39. fxe5 Kxd8 40. Ra1 Ke8
41. Qc6+ Kf7 42. Qd7+ Ne7 43. Rf1+ Kg6 44. Qxe7 Kh5 45. Qf7+ Qg6 46. Qxg6+ Kxg6
47. Kg2 Kg5 48. Kg3 Kh5 49. Kf4 h6 50. Rc1 Kh4 51. Rxc5 g5+ 52. Ke4 g4 53. Rc6
1-0

[Event "QA-ANNIV-05"]
[Site "http://www.queenalice.com/game.php?id=885928"]
[Date "2011.1.13"]
[Round "7"]
[White "Warrior"]
[Black "jagvg"]
[Result "0-1"]
[WhiteElo "2071"]
[BlackElo "2355"]

1. e4 c6 2. d4 d5 3. exd5 cxd5 4. c4 Nf6 5. Nc3 g6 6. Nf3 Nc6 7. c5 Bg7 8. Be2
O-O 9. O-O Ne4 10. Be3 Nxc3 11. bxc3 Bf5 12. Bd3 Bg4 13. h3 Bxf3 14. Qxf3 e5 15.
dxe5 Nxe5 16. Qe2 Qc7 17. Bd4 Nd7 18. Bxg7 Kxg7 19. c4 Rfe8 20. Qb2+ Qe5 21.
Qxe5+ Nxe5 22. Rad1 dxc4 23. Be4 Rac8 24. Bxb7 Rxc5 25. Rc1 c3 26. Rc2 Nd3 27.
a3 Ne1 28. Rc1 c2 29. Ba6 Re6 30. Bb7 Nd3 31. g3 Nxc1 32. Rxc1 f5 33. Kf1 Rb6
34. Bf3 Rb1 35. Rxb1 cxb1=Q+ 36. Kg2 Qe1 37. h4 Rc2 38. Ba8 Qxf2+ 39. Kh3 Qh2#
0-1

[Event "2do TORNEO"]
[Site "http://www.queenalice.com/game.php?id=895620"]
[Date "2011.2.4"]
[Round "5"]
[White "Netferatu"]
[Black "jagvg"]
[Result "1-0"]
[WhiteElo "2397"]
[BlackElo "2371"]

1. e4 c6 2. d4 d5 3. Nc3 dxe4 4. Nxe4 Nd7 5. Bc4 Ngf6 6. Ng5 e6 7. Qe2 Nb6 8.
Bd3 h6 9. N5f3 c5 10. dxc5 Bxc5 11. Ne5 Nbd7 12. Ngf3 Qc7 13. O-O O-O 14. Bf4
Nb6 15. Ng6 Bd6 16. Bxd6 Qxd6 17. Nxf8 Qxf8 18. Rfd1 Bd7 19. c4 Bc6 20. Ne5 Qc5
21. b3 Nbd7 22. Nxc6 Qxc6 23. Bc2 Rd8 24. Rd2 Qb6 25. h3 Qc7 26. Rad1 a6 27. Qe3
b5 28. Qd3 Qb7 29. Qd6 Qc8 30. c5 Re8 31. c6 Nb6 32. c7 Nbd5 33. Rc1 Nc3 34. f3
Nfd5 35. Be4 b4 36. Bxd5 exd5 37. Kf1 a5 38. Re1 Rf8 39. Re7 h5 40. Rd7 Nb5 41.
Qc6 Nc3 42. R2xd5 Nxd5 43. Qxd5 a4 44. Qd6 axb3 45. axb3 Kh7 46. Rd8 Rxd8 47.
cxd8=Q 1-0

[Event "QA-ANNIV-05"]
[Site "http://www.queenalice.com/game.php?id=921212"]
[Date "2011.4.3"]
[Round "8"]
[White "jagvg"]
[Black "Cthulhu"]
[Result "0-1"]
[WhiteElo "2346"]
[BlackElo "2619"]

1. d4 Nf6 2. Nf3 g6 3. g3 Bg7 4. Bg2 O-O 5. c4 d6 6. O-O Nbd7 7. Nc3 e5 8. e4
exd4 9. Nxd4 Re8 10. h3 a6 11. Re1 Rb8 12. a4 Ne5 13. Qe2 Nfd7 14. Rd1 Nc6 15.
Be3 Nxd4 16. Bxd4 a5 17. Bxg7 Kxg7 18. f4 b6 19. Re1 f6 20. Rad1 Bb7 21. Qf2 Qe7
22. Nd5 Bxd5 23. cxd5 g5 24. Bf1 gxf4 25. Qxf4 Nc5 26. Bb5 Rg8 27. Re2 Kh8 28.
g4 Rg5 29. Kg2 h5 30. Kf3 Rbg8 31. Rg1 R8g7 32. Rd2 Rh7 33. h4 Rxg4 34. Rxg4
hxg4+ 35. Qxg4 f5 36. exf5 Rxh4 37. Re2 Qxe2+ 38. Bxe2 Rxg4 39. Kxg4 Nxa4 40.
Kg5 Kg7 41. b3 Nc3 42. f6+ Kf8 43. Bd3 b5 44. Kf5 Kf7 45. Kg5 a4 46. bxa4 bxa4
47. Bg6+ Kf8 48. Bc2 a3 49. Bb3 a2 0-1

[Event "QA-ANNIV-06"]
[Site "http://www.queenalice.com/game.php?id=924380"]
[Date "2011.4.10"]
[Round "4"]
[White "jagvg"]
[Black "HILITO"]
[Result "1-0"]
[WhiteElo "2342"]
[BlackElo "2083"]

1. Nf3 c6 2. c4 d5 3. e3 Nf6 4. Nc3 Nbd7 5. cxd5 cxd5 6. d4 e6 7. Bd3 Be7 8. O-O
O-O 9. Bd2 a6 10. Qb3 b5 11. Ne2 Bb7 12. Rfc1 Rc8 13. Rxc8 Bxc8 14. Bb4 Nb6 15.
Ne5 Bb7 16. Qa3 Bxb4 17. Qxb4 Ne4 18. Rc1 Qd6 19. Qxd6 Nxd6 20. Rc5 Rc8 21. b3
f6 22. Nf3 Nd7 23. Rxc8+ Bxc8 24. Nf4 Nb6 25. Bf1 a5 26. Nd3 Ne4 27. Nc5 Nc3 28.
a3 a4 29. bxa4 bxa4 30. Nd2 Bd7 31. f3 Kf7 32. Bd3 Bb5 33. Bc2 h6 34. Kf2 g5 35.
Nb1 Nxb1 36. Bxb1 Nc4 37. Bc2 Nxa3 38. Bxa4 Bxa4 39. Nxa4 Nb5 40. Ke2 e5 41. Kd3
exd4 42. exd4 f5 43. g4 Kf6 44. Nb6 Nc7 45. Kc3 fxg4 46. fxg4 Ke6 47. Na4 Nb5+
48. Kd3 1-0

[Event "AUTO-ELITE-761"]
[Site "http://www.queenalice.com/game.php?id=937774"]
[Date "2011.5.13"]
[Round "1"]
[White "jagvg"]
[Black "Claudio49"]
[Result "0-1"]
[WhiteElo "2305"]
[BlackElo "2409"]

1. d4 d5 2. c4 c6 3. Nf3 Nf6 4. e3 e6 5. Nc3 Nbd7 6. Bd3 dxc4 7. Bxc4 b5 8. Bd3
Bb7 9. a3 Bd6 10. O-O O-O 11. Bd2 a5 12. Qc2 h6 13. Rfc1 Qb8 14. b3 Rc8 15. Qd1
b4 16. axb4 axb4 17. Rxa8 Bxa8 18. Ne4 Nxe4 19. Bxe4 Nf6 20. Bd3 Nd7 0-1

[Event "AUTO-ELITE-761"]
[Site "http://www.queenalice.com/game.php?id=937775"]
[Date "2011.5.13"]
[Round "1"]
[White "Claudio49"]
[Black "jagvg"]
[Result "1-0"]
[WhiteElo "2403"]
[BlackElo "2314"]

1. e4 c5 2. Nf3 Nc6 3. Bb5 g6 4. Bxc6 bxc6 5. O-O Bg7 6. Re1 Nh6 7. c3 O-O 8. h3
f5 9. e5 Nf7 10. d4 cxd4 11. cxd4 Ba6 12. Nc3 Rb8 13. b3 Qa5 14. Bd2 d6 15. Rc1
dxe5 16. Na4 Qd5 17. dxe5 e6 18. Nc5 Bc8 19. Re3 Rb5 20. Rd3 Rxc5 21. Rxd5 1-0

[Event "AUTO-ELITE-761"]
[Site "http://www.queenalice.com/game.php?id=937776"]
[Date "2011.5.13"]
[Round "1"]
[White "jagvg"]
[Black "forth_generation"]
[Result "0-1"]
[WhiteElo "2325"]
[BlackElo "2361"]

1. e4 c5 2. Nf3 d6 3. d4 cxd4 4. Nxd4 Nf6 5. Nc3 a6 6. Bg5 e6 7. f4 Qc7 8. Qe2
Nbd7 9. O-O-O b5 10. g3 b4 11. Nd5 exd5 12. Bg2 Be7 13. Nf5 Nb6 14. Nxg7+ Kd8
15. e5 Bg4 16. Qd2 dxe5 17. fxe5 Qxe5 18. Rhe1 Qd6 19. Rxe7 Qxe7 20. Re1 Qd6 21.
Qd4 Nd7 22. Qxg4 h6 23. Qh4 Rc8 24. Nf5 Qc6 25. Nd4 Qd6 26. Bf4 Qb6 27. Bxd5 Re8
28. Rd1 Re7 29. Bb3 Rc5 30. g4 Re4 31. Qxh6 Rxd4 32. Rxd4 Rxc2+ 33. Bxc2 Qxd4
34. Bf5 Nd5 35. Bg5+ f6 36. Bd2 Ne7 37. Be6 Qd6 38. Qh8+ Kc7 39. Bxd7 Kxd7 40.
Qa8 Qc5+ 41. Kb1 Qg1+ 42. Kc2 Qxg4 43. Qb7+ Ke6 44. Qxa6+ Ke5 0-1

[Event "AUTO-ELITE-761"]
[Site "http://www.queenalice.com/game.php?id=937777"]
[Date "2011.5.13"]
[Round "1"]
[White "forth_generation"]
[Black "jagvg"]
[Result "0-1"]
[WhiteElo "2361"]
[BlackElo "2346"]

1. e4 e5 2. Nf3 Nc6 3. Bb5 a6 4. Ba4 d6 5. O-O b5 6. Re1 bxa4 7. d4 Nf6 8. d5
Na5 9. c4 Bd7 10. c5 c6 11. Nc3 Rb8 12. Nxa4 Qc7 13. cxd6 Bxd6 14. Bg5 Nc4 15.
b3 cxd5 16. exd5 Bxa4 17. Rc1 h6 18. Bxf6 gxf6 19. bxa4 Bc5 20. Qe2 Rc8 21. Kh1
Nb6 22. Red1 Nd7 23. Qxa6 Kd8 24. d6 Qb6 25. Qc4 Rc6 26. Rb1 Rxd6 27. Qxf7 Re8
28. Rxb6 Rxd1+ 29. Ng1 Bxb6 30. Qh5 Rf1 31. g3 Rxf2 32. Ne2 Re6 33. Qg4 Rd6 34.
Qg8+ Kc7 35. Qc4+ Bc5 36. Qc2 e4 37. g4 Rd3 0-1

[Event "QA-ANNIV-07"]
[Site "http://www.queenalice.com/game.php?id=950761"]
[Date "2011.6.16"]
[Round "1"]
[White "MarcosT"]
[Black "jagvg"]
[Result "1-0"]
[WhiteElo "1704"]
[BlackElo "2358"]

1. e4 c6 2. d4 d5 3. Nc3 dxe4 4. Nxe4 Nf6 5. Nxf6+ exf6 6. Bc4 Bd6 7. h3 O-O 8.
Nf3 Re8+ 9. Be3 Bf5 10. O-O Qd7 11. c3 1-0